01877nam a2200229Ia 450000500170000000800410001702000150005805000180007310000400009124000470013124500780017825000120025626000530026830000150032149000490033650000550038550000830044050400440052350510270056765000280159470000250162220231102150942.0120626s1996 mx 000 0 spa d a9681618793 aQA21bB4 1996 aBell, Eric Templed1883-1960eautor aThe development of mathematicslEspañol  aHistoria de las matemáticasc/ Eric Temple, Bell; traductor: Ortiz, R.  a2a. ed. aMéxicob: Fondo de Cultura Económicac, 1996 a655 pág. aSección de obras de ciencia y tecnología aTítulo original: The development of mathematics  aIncluye: Índice general, Introducción, Indice analítico (pp. 625 - 651) aBibliografía y notas: (pp. 609 - 623) aI. Perspectiva general II. La edad del empirismo III. Una base firme (Grecia A.C. - 300 D.C.) IV. La depresión europea V. El rodeo por la India y España (400 -1300) VI. Cuatro siglos de transición (1202 -1603) VII. El comienzo de las matemáticas modernas (1637 - 1687) VIII. Ampliaciones del concepto de número IX. Hacia la estructura matemática (1801-1910) X. La aritmética generalizada XI. Aparición del análisis estructural XII. Los números cardinales y ordinales hasta 1902 XIII. De la intuición al rigor absoluto (1700 -1900) XIV. La aritmética racional después de Fermat XV. Aportaciones de la geometría XVI. El impulso de la ciencia XVII. De la mecánica a las variables generalizadas XVIII. De las aplicaciones a las abstracciones XIX. Ecuaciones diferenciales y de diferencia XX. Invariancia XXI. Algunas importantes teorías de funciones XXII. Por la física al análisis general y la abstracción XXIII. Incertidumbre y probabilidad 14aMATEMÁTICASxHISTORIA aOrtiz, R.etraductor